[Event "Albrecht-Beer-Turnier Gera"]
[Site "Gera"]
[Date "2024.10.04"]
[Round "4.25"]
[White "Maiwald, Harald"]
[Black "Shynkar, Daria"]
[Result "1-0"]
[WhiteElo "1946"]
[BlackElo "1661"]
[PlyCount "53"]
[EventDate "2024.10.03"]
[WhiteTeam "TSG Apolda"]
[BlackTeam "Schachakademie Paderborn"]

1. Nf3 d5 2. g3 c5 3. Bg2 Nf6 4. O-O e6 5. d4 Nc6 6. c4 b6 7. cxd5 exd5 8. Nc3
Be6 9. Bg5 Be7 10. Rc1 O-O 11. Qd2 Rc8 12. Rfd1 Na5 13. Ne5 c4 14. e4 Nxe4 15.
Bxe7 Qxe7 16. Nxe4 dxe4 17. Bxe4 f5 18. Bg2 Bf7 19. Qf4 Qe6 20. d5 Qd6 21. Qxf5
Bg6 22. Qe6+ Qxe6 23. dxe6 Bf5 24. e7 Rfe8 25. Bd5+ Kh8 26. Nf7+ Kg8 27. Nd6+
1-0

[Event "Albrecht-Beer-Turnier Gera"]
[Site "Gera"]
[Date "2024.10.04"]
[Round "4.28"]
[White "Fadeev, Justin Michael"]
[Black "Just, Anita"]
[Result "1-0"]
[WhiteElo "1776"]
[BlackElo "1918"]
[PlyCount "135"]
[EventDate "2024.10.03"]
[WhiteTeam "Barnimer SF"]
[BlackTeam "SV Weißblau Allianz Leipzig e.V."]

1. e4 e6 2. d4 d5 3. Nd2 dxe4 4. Nxe4 Bd7 5. Nf3 Bc6 6. Bd3 Nd7 7. Bf4 Ngf6 8.
Qe2 Nd5 9. Bg5 Be7 10. Bd2 N7b6 11. Bc3 Nf6 12. Nxf6+ Bxf6 13. Be4 Bd5 14. Bxd5
Qxd5 15. O-O O-O 16. b3 Rad8 17. Bb2 c5 18. c4 Qf5 19. Rad1 cxd4 20. Bxd4 Nc8
21. Rfe1 Bxd4 22. Nxd4 Qf6 23. Qf3 Qxf3 24. Nxf3 h6 25. Kf1 Nb6 26. Ke2 Rfe8
27. Rxd8 Rxd8 28. Rd1 Rxd1 29. Kxd1 Kf8 30. Kd2 Ke7 31. Kd3 Nd7 32. b4 Kd6 33.
a3 f5 34. h3 e5 35. Nd2 Kc6 36. Nb3 b6 37. a4 g5 38. a5 h5 39. axb6 axb6 40. f3
h4 41. Nc1 Nf6 42. Ne2 Nh5 43. Ke3 Kd6 44. Kd3 Nf6 45. Nc3 Ne8 46. Nd5 b5 47.
Ne3 bxc4+ 48. Kxc4 f4 49. Nd5 Ng7 50. Nc3 Nf5 51. Ne4+ Kc6 52. Nxg5 Ne3+ 53.
Kd3 Kd5 54. b5 Nc4 55. Ne4 Nb2+ 56. Kc3 Nd1+ 57. Kb4 Ne3 58. Ka5 Nc4+ 59. Ka6
Kd4 60. b6 Nxb6 61. Kxb6 Ke3 62. Kc5 Ke2 63. Kd5 Kf1 64. Kxe5 Kxg2 65. Ng5 Kg3
66. Ke4 Kf2 67. Kxf4 Kg2 68. Kg4 1-0

[Event "Albrecht-Beer-Turnier Gera"]
[Site "Gera"]
[Date "2024.10.04"]
[Round "4.29"]
[White "Czäczine, Paula"]
[Black "Kosovska, Olena"]
[Result "0-1"]
[WhiteElo "1757"]
[BlackElo "1896"]
[PlyCount "58"]
[EventDate "2024.10.03"]
[WhiteTeam "Chemnitzer SC Aufbau`95"]
[BlackTeam "SG Grün-Weiß Dresden"]

1. e4 c5 2. Nf3 d6 3. d4 cxd4 4. Nxd4 Nf6 5. Nc3 g6 6. Be3 Bg7 7. f3 O-O 8. Qd2
Nc6 9. O-O-O Be6 10. Nxe6 fxe6 11. g4 Rc8 12. Be2 Qa5 13. Kb1 Nd7 14. Nb5 Nb4
15. a3 Rxc2 16. Qxc2 Nxc2 17. Kxc2 Ne5 18. Nd4 Rc8+ 19. Kb1 Kf7 20. f4 Nc4 21.
Bf2 Nd2+ 22. Ka1 Nxe4 23. Be3 Nc5 24. Bc4 d5 25. Ba2 Na4 26. f5 Nxb2 27. fxe6+
Kg8 28. Kxb2 Qc3+ 29. Kb1 Qxe3 0-1

[Event "Albrecht-Beer-Turnier Gera"]
[Site "Gera"]
[Date "2024.10.04"]
[Round "4.31"]
[White "Schaudin, Andreas"]
[Black "Temirbek, Amirali"]
[Result "0-1"]
[WhiteElo "1885"]
[BlackElo "1592"]
[PlyCount "80"]
[EventDate "2024.10.03"]
[WhiteTeam "SZ Elstertal Langenberg"]

1. Nf3 d5 2. b3 Bg4 3. Bb2 e6 4. e3 Nf6 5. Be2 Be7 6. h3 Bh5 7. d3 c6 8. Nbd2
O-O 9. g4 Bg6 10. Ne5 Nbd7 11. Ndf3 Qc7 12. Nxg6 hxg6 13. Nd2 a5 14. a4 b5 15.
d4 Rfb8 16. O-O Ne4 17. Nxe4 dxe4 18. Bc3 f5 19. Qd2 b4 20. Bb2 Kf7 21. f4 Rh8
22. Kg2 Nf6 23. g5 Nd5 24. Rh1 Rh4 25. Raf1 Rah8 26. Bc1 c5 27. Bb2 cxd4 28.
Bxd4 Bc5 29. Bc4 Bxd4 30. Qxd4 Rd8 31. Bxd5 Rxd5 32. Qb2 Rd2+ 33. Rf2 Rxf2+ 34.
Kxf2 Rxf4+ 35. exf4 Qxf4+ 36. Kg1 Qg3+ 37. Kf1 Qf3+ 38. Kg1 e3 39. Rh2 e2 40.
Qc1 Qg3+ 0-1

[Event "Albrecht-Beer-Turnier Gera"]
[Site "Gera"]
[Date "2024.10.04"]
[Round "4.32"]
[White "Thielsch, Norman"]
[Black "Kötz, Michael"]
[Result "1-0"]
[WhiteElo "2323"]
[BlackElo "1772"]
[PlyCount "43"]
[EventDate "2024.10.03"]
[WhiteTeam "Chemnitzer SC Aufbau`95"]
[BlackTeam "Einheit Börnichen"]

1. d4 Nf6 2. Nf3 g6 3. c4 Bg7 4. Nc3 d5 5. e3 O-O 6. Be2 dxc4 7. Bxc4 c5 8. O-O
a6 9. dxc5 Qa5 10. Qb3 Nfd7 11. Ne4 Nxc5 12. Nxc5 Qxc5 13. Bd2 b5 14. Bd5 Ra7
15. Rac1 Qb6 16. Bxf7+ Rxf7 17. Rxc8+ Bf8 18. Ng5 e6 19. Nxf7 Kxf7 20. Bb4 Bxb4
21. Qxb4 Re7 22. Qf4+ 1-0

[Event "Albrecht-Beer-Turnier Gera"]
[Site "Gera"]
[Date "2024.10.04"]
[Round "4.33"]
[White "Puschendorf, Steffen"]
[Black "Kutlar, Aras"]
[Result "1/2-1/2"]
[WhiteElo "2032"]
[BlackElo "1759"]
[PlyCount "152"]
[EventDate "2024.10.03"]
[WhiteTeam "ESV Gera"]
[BlackTeam "Hamburger SK von 1830"]

1. d4 d5 2. c4 c6 3. Nf3 Nf6 4. Qc2 Bg4 5. Ne5 Bh5 6. cxd5 Qxd5 7. e3 Nbd7 8.
Nc3 Qd6 9. f4 e6 10. Bd2 Bg6 11. Nxg6 hxg6 12. Be2 Be7 13. O-O-O a5 14. Kb1 b5
15. Bf3 Rb8 16. Ne4 Nxe4 17. Qxe4 c5 18. dxc5 Qxc5 19. Bc3 Bf6 20. Qc6 Qa7 21.
Bd4 Bxd4 22. Rxd4 Rd8 23. Qd6 Qc5 24. Qxc5 Nxc5 25. Bc6+ Ke7 26. Bxb5 Rxd4 27.
exd4 Ne4 28. h3 Rb8 29. a4 Nd6 30. Rc1 Nxb5 31. axb5 Rxb5 32. Rc7+ Kf6 33. Kc2
g5 34. fxg5+ Rxg5 35. g4 Rd5 36. Kc3 e5 37. Rc6+ Ke7 38. dxe5 Rxe5 39. Kb3 Rb5+
40. Kc3 Kd7 41. Ra6 Ke7 42. b3 f5 43. Rg6 Kf7 44. Rg5 Kf6 45. h4 Rc5+ 46. Kb2
g6 47. Ka3 Rb5 48. gxf5 Rxf5 49. Rg4 Rf3 50. Ka4 Kf7 51. Rc4 Rf5 52. Rc7+ Kf6
53. Rh7 Ke6 54. Rh8 Kf6 55. Rc8 Rf4+ 56. Rc4 Rf5 57. Ka3 Rb5 58. Kb2 Kf5 59.
Kc3 Rd5 60. Rc6 Rb5 61. Rc4 Rd5 62. Rc7 Rb5 63. Rc6 Re5 64. Rc4 Rd5 65. Rc6 Rb5
66. Rc7 Kf6 67. Rh7 Rh5 68. Rxh5 gxh5 69. Kc4 Kf5 70. Kb5 Kg4 71. Kxa5 Kxh4 72.
b4 Kg4 73. b5 h4 74. b6 h3 75. b7 h2 76. b8=Q h1=Q 1/2-1/2

[Event "Albrecht-Beer-Turnier Gera"]
[Site "Gera"]
[Date "2024.10.04"]
[Round "4.35"]
[White "Homberger, Jan"]
[Black "Stiehler, Klaus"]
[Result "1-0"]
[WhiteElo "1915"]
[BlackElo "1744"]
[PlyCount "33"]
[EventDate "2024.10.03"]
[WhiteTeam "SSV Vimaria 91 Weimar"]
[BlackTeam "Muldental Wilkau-Haßlau"]

1. d4 Nf6 2. c4 g6 3. Nc3 Bg7 4. e4 d6 5. Be2 O-O 6. Be3 c6 7. g4 Qa5 8. Kf1 a6
9. g5 Nfd7 10. h4 b5 11. a3 e5 12. d5 cxd5 13. Qxd5 Nb6 14. Bxb6 Qxb6 15. Qxa8
Nc6 16. Nd5 Qc5 17. Qxc6 1-0

[Event "Albrecht-Beer-Turnier Gera"]
[Site "Gera"]
[Date "2024.10.04"]
[Round "4.36"]
[White "Kerstan, André"]
[Black "Ali, Maha"]
[Result "1-0"]
[WhiteElo "1908"]
[BlackElo "1725"]
[PlyCount "61"]
[EventDate "2024.10.03"]
[WhiteTeam "SG BiBaBo Leipzig"]
[BlackTeam "SC Kreuzberg"]

1. d4 d5 2. c4 e6 3. Nc3 Nf6 4. Bg5 Be7 5. e3 Nbd7 6. Nf3 O-O 7. Rc1 h6 8. Bh4
b6 9. cxd5 Nxd5 10. Nxd5 exd5 11. Bxe7 Qxe7 12. Rxc7 Qd6 13. Rc1 Nf6 14. Bd3
Bg4 15. a3 Rfe8 16. h3 Bxf3 17. Qxf3 Ne4 18. Bxe4 Rxe4 19. O-O Rae8 20. Rc3
R8e6 21. Rc8+ Kh7 22. Qxf7 Rf6 23. Qg8+ Kg6 24. Rd8 Qe7 25. Qxd5 Rxe3 26. Rd7
Qe8 27. Qb7 Re2 28. Rxg7+ Kh5 29. Qd5+ Re5 30. Qxe5+ Qxe5 31. dxe5 1-0

[Event "Albrecht-Beer-Turnier Gera"]
[Site "Gera"]
[Date "2024.10.04"]
[Round "4.37"]
[White "Vo, Thomi"]
[Black "Aniol, Adrian"]
[Result "0-1"]
[WhiteElo "1748"]
[BlackElo "1901"]
[PlyCount "62"]
[EventDate "2024.10.03"]
[WhiteTeam "Erfurter SK"]
[BlackTeam "VfL 1990 Gera"]

1. e4 c5 2. Nf3 Nc6 3. d4 cxd4 4. Nxd4 Nf6 5. Nc3 e5 6. Nf3 Bb4 7. Qd3 O-O 8.
Bd2 Re8 9. O-O-O d6 10. a3 Bc5 11. Be3 Ng4 12. Bxc5 dxc5 13. Qe2 Nd4 14. Nxd4
exd4 15. Nd5 Qxd5 16. exd5 Rxe2 17. Bxe2 Nxf2 18. Bc4 Nxh1 19. Rxh1 Bd7 20. b4
Rc8 21. b5 Re8 22. Kd2 Bf5 23. g3 Kf8 24. a4 Be4 25. Re1 f5 26. a5 Ke7 27. g4
g6 28. gxf5 gxf5 29. Bd3 Kd6 30. Bc4 Rg8 31. Rf1 Rg2+ 0-1

[Event "Albrecht-Beer-Turnier Gera"]
[Site "Gera"]
[Date "2024.10.04"]
[Round "4.38"]
[White "Niemann, Silvio"]
[Black "Reißmann, Edmund"]
[Result "1-0"]
[WhiteElo "1901"]
[BlackElo "1713"]
[PlyCount "51"]
[EventDate "2024.10.03"]
[WhiteTeam "SV Blau-Weiß 69 Parchim"]
[BlackTeam "SV Erzgebirge Stollberg"]

1. e4 d5 2. exd5 Qxd5 3. Nc3 Qd8 4. h3 Nf6 5. Bc4 Bf5 6. Nf3 e6 7. O-O c6 8. a3
Bd6 9. d4 O-O 10. Qe2 Nbd7 11. Re1 Re8 12. Ne5 Qc7 13. Bb3 a6 14. g4 Bg6 15. h4
c5 16. Nxd7 Qxd7 17. dxc5 Bxc5 18. h5 Qd6 19. Qf3 Nxh5 20. gxh5 Bf5 21. Bf4 Qb6
22. Na4 Qa7 23. Nxc5 Qxc5 24. Qg3 Bxc2 25. Rac1 Rac8 26. Bxc2 1-0

[Event "Albrecht-Beer-Turnier Gera"]
[Site "Gera"]
[Date "2024.10.04"]
[Round "4.39"]
[White "Kapp, Frank"]
[Black "Horn, Jens"]
[Result "1/2-1/2"]
[WhiteElo "1892"]
[BlackElo "1644"]
[PlyCount "166"]
[EventDate "2024.10.03"]
[WhiteTeam "TSV IFA Chemnitz"]
[BlackTeam "Post-SV Crimmitschau"]

1. d4 d5 2. Bf4 Nf6 3. Nf3 c6 4. c3 Bg4 5. h3 Bxf3 6. exf3 e6 7. Bd3 Bd6 8.
Bxd6 Qxd6 9. O-O O-O 10. Re1 Nbd7 11. Nd2 Rfe8 12. Qc2 c5 13. dxc5 Nxc5 14.
Rad1 Qb6 15. Nb3 Nxb3 16. axb3 Rac8 17. Bf1 a6 18. Rc1 Qd6 19. Qd2 Qb6 20. b4
h6 21. Qe3 Qc6 22. Qd4 Red8 23. Ra1 Qd6 24. Ra5 Nd7 25. Re3 Nb8 26. Ra1 Nc6 27.
Qb6 Qe7 28. Ree1 Nb8 29. b5 Rd6 30. Qa7 axb5 31. Bxb5 Nc6 32. Bxc6 Rcxc6 33.
Qb8+ Rd8 34. Qe5 Qd6 35. Ra4 Qxe5 36. Rxe5 Rb6 37. Re2 Rc8 38. Rd2 Kf8 39. Kf1
Ke7 40. Ke2 Rcc6 41. Kd3 Ra6 42. Rg4 Kf6 43. Rd4 Rab6 44. h4 Ra6 45. g4 Ra1 46.
Rb4 Rc7 47. Ke3 Rh1 48. h5 Re1+ 49. Re2 Rd1 50. f4 Rd7 51. Rd2 Re1+ 52. Kf3 Rc7
53. Rdd4 Rc1 54. Rb6 Ke7 55. Rdb4 Ra1 56. Rxb7 Ra7 57. Rxc7+ Rxc7 58. Ke3 Kd6
59. Kd4 f6 60. Rb6+ Ke7 61. f3 Rc4+ 62. Ke3 Rc7 63. Ra6 Kd7 64. Ra3 Kc6 65.
Ra6+ Kd7 66. Ra4 Kd6 67. Kd3 Rb7 68. Ra6+ Kd7 69. b4 Rc7 70. Ra2 Kc6 71. Re2
Kd6 72. Rc2 Rc4 73. Ra2 Rxf4 74. Ra6+ Ke5 75. Ke2 Rc4 76. Ra3 Kf4 77. b5 Rc7
78. b6 Rb7 79. Ra4+ Ke5 80. Rb4 Kd6 81. Kd3 Kc5 82. Ra4 Kxb6 83. c4 dxc4+
1/2-1/2

[Event "Albrecht-Beer-Turnier Gera"]
[Site "Gera"]
[Date "2024.10.04"]
[Round "4.40"]
[White "Kitzig, Tobias"]
[Black "Schönrock, Rüdiger"]
[Result "1/2-1/2"]
[WhiteElo "1714"]
[BlackElo "1891"]
[PlyCount "41"]
[EventDate "2024.10.03"]
[WhiteTeam "SV 1861 Liebschwitz"]
[BlackTeam "Glauchauer SC 1873"]

1. d4 d5 2. Bf4 Nf6 3. e3 Bf5 4. Nf3 e6 5. Ne5 Nbd7 6. g4 Nxe5 7. gxf5 Ned7 8.
fxe6 fxe6 9. Bh3 Kf7 10. Nd2 Bd6 11. Bxd6 cxd6 12. Nf3 Ne4 13. Rg1 Rc8 14. c3
Qf6 15. Qe2 Rc7 16. Rg4 Ke7 17. Rf4 Qh6 18. Rh4 Qf6 19. Rf4 Qh6 20. Rh4 Qf6 21.
Rf4 1/2-1/2

[Event "Albrecht-Beer-Turnier Gera"]
[Site "Gera"]
[Date "2024.10.04"]
[Round "4.41"]
[White "Stährfeldt, Philipp"]
[Black "Han, Erdem"]
[Result "1/2-1/2"]
[WhiteElo "1876"]
[BlackElo "1705"]
[PlyCount "38"]
[EventDate "2024.10.03"]
[WhiteTeam "SC Weisse Dame"]
[BlackTeam "SSV Vimaria 91 Weimar"]

1. f4 d5 2. b3 Nf6 3. Bb2 Bf5 4. Nf3 h6 5. e3 e6 6. Be2 c5 7. O-O Be7 8. Ne5
Nc6 9. Kh1 O-O 10. d3 Nd7 11. Nxd7 Qxd7 12. Nd2 b5 13. Nf3 a5 14. Ne5 Nxe5 15.
Bxe5 Bd6 16. Bxd6 Qxd6 17. a4 b4 18. Bg4 Rac8 19. Be2 Rfe8 1/2-1/2

[Event "Albrecht-Beer-Turnier Gera"]
[Site "Gera"]
[Date "2024.10.04"]
[Round "4.44"]
[White "Binder, Andreas"]
[Black "Schimming, Jürgen"]
[Result "1-0"]
[WhiteElo "1821"]
[BlackElo "1476"]
[PlyCount "55"]
[EventDate "2024.10.03"]
[WhiteTeam "SK Weiden 1907"]
[BlackTeam "SK Turm Bad Hersfeld"]

1. e4 c5 2. Nf3 d6 3. d4 cxd4 4. Nxd4 Nf6 5. Nc3 a6 6. Bd3 e6 7. O-O Qc7 8. Nf3
Nc6 9. a3 b5 10. h3 Be7 11. Nh2 e5 12. Bg5 Be6 13. Ne2 h6 14. Be3 g5 15. Ng3
Kd7 16. Nf5 Rag8 17. Ng4 Nxg4 18. hxg4 Ke8 19. a4 Bxf5 20. exf5 Kf8 21. axb5
axb5 22. Bxb5 Bf6 23. Qd5 Nb4 24. Qb3 Nc6 25. Ra6 Nd4 26. Bxd4 exd4 27. Rfa1 d5
28. Rxf6 1-0

[Event "Albrecht-Beer-Turnier Gera"]
[Site "Gera"]
[Date "2024.10.04"]
[Round "4.45"]
[White "Schuricht, Dirk"]
[Black "Fleischmann, Theo"]
[Result "0-1"]
[WhiteElo "1619"]
[BlackElo "1814"]
[PlyCount "80"]
[EventDate "2024.10.03"]
[WhiteTeam "Krefelder SK Turm 1851"]
[BlackTeam "SVG CAISSA Kassel"]

1. d4 Nf6 2. Nf3 e6 3. g3 c5 4. Bg2 cxd4 5. Nxd4 d5 6. O-O e5 7. Nf3 Nc6 8. c4
d4 9. Bg5 Be7 10. Qc2 O-O 11. Rd1 Qc7 12. e3 d3 13. Qxd3 e4 14. Qe2 Bg4 15. Bf4
Qb6 16. b3 Rad8 17. Nc3 Rxd1+ 18. Rxd1 exf3 19. Bxf3 Bxf3 20. Qxf3 Rd8 21. Bg5
Rxd1+ 22. Qxd1 Qd8 23. Qxd8+ Bxd8 24. Bxf6 Bxf6 25. Nd5 Bd8 26. b4 f5 27. f4
Kf7 28. b5 Na5 29. c5 Nc4 30. c6 bxc6 31. bxc6 Bb6 32. c7 Nd6 33. Kf2 Ba5 34.
Kf3 Ke6 35. c8=Q+ Nxc8 36. e4 fxe4+ 37. Kxe4 Nd6+ 38. Kd4 Bb6+ 39. Nxb6 axb6
40. g4 g6 0-1

[Event "Albrecht-Beer-Turnier Gera"]
[Site "Gera"]
[Date "2024.10.04"]
[Round "4.46"]
[White "Boroshnev, Dmytro"]
[Black "Müller, Cosima"]
[Result "1/2-1/2"]
[WhiteElo "1543"]
[BlackElo "1807"]
[PlyCount "116"]
[EventDate "2024.10.03"]
[WhiteTeam "SC Turm Erfurt"]
[BlackTeam "SSV Altenberg"]

1. e4 c5 2. Nf3 Nc6 3. d4 cxd4 4. Nxd4 Nf6 5. Nxc6 bxc6 6. Bd3 g6 7. O-O Bg7 8.
Nc3 d6 9. h3 O-O 10. Bf4 Be6 11. Re1 Nd7 12. Qd2 Rb8 13. Reb1 Ne5 14. Bh6 Qb6
15. Bxg7 Kxg7 16. b3 Bxh3 17. Nd1 Be6 18. Ne3 Qd4 19. Qe2 h5 20. f3 Rh8 21. Qf2
c5 22. Nd1 Qxf2+ 23. Kxf2 Nxd3+ 24. cxd3 h4 25. Ne3 Rh5 26. Rh1 Rbh8 27. Rh2
Kf6 28. f4 Kg7 29. Kf3 d5 30. Rc1 dxe4+ 31. dxe4 Rd8 32. Rd1 Rxd1 33. Nxd1 c4
34. bxc4 Bxc4 35. Nc3 Ra5 36. Ke3 Bxa2 37. Rxh4 Be6 38. Rh1 Ra3 39. Kd2 a6 40.
Rb1 f6 41. Kc2 Kf7 42. Rb6 Bc4 43. Rb1 Ra5 44. g4 Rc5 45. Kd2 Bb5 46. Rb3 Bf1
47. Nd1 Bb5 48. Nc3 Bd7 49. f5 gxf5 50. gxf5 Bb5 51. Ke3 Bc6 52. Kd4 Ra5 53.
Rb2 Bb5 54. Nxb5 axb5 55. Kc5 Ke8 56. Rxb5 Rxb5+ 57. Kxb5 Kd7 58. Kc5 e6
1/2-1/2

[Event "Albrecht-Beer-Turnier Gera"]
[Site "Gera"]
[Date "2024.10.04"]
[Round "4.48"]
[White "Ottlik, Marie"]
[Black "Steinbacher, Bernd"]
[Result "1/2-1/2"]
[WhiteElo "1657"]
[BlackElo "1972"]
[PlyCount "39"]
[EventDate "2024.10.03"]
[WhiteTeam "TSV Kitzscher"]
[BlackTeam "USG Chemnitz"]

1. e4 e5 2. Nf3 Nc6 3. Bc4 Bc5 4. c3 Nf6 5. d3 d6 6. a4 a6 7. O-O O-O 8. Nbd2
Be6 9. Bb3 Qd7 10. Re1 Ng4 11. Re2 Kh8 12. h3 Nf6 13. Ng5 Bxb3 14. Nxb3 h6 15.
Nf3 Ba7 16. Be3 Bxe3 17. Rxe3 Rad8 18. Qc2 b6 19. a5 b5 20. d4 1/2-1/2

[Event "Albrecht-Beer-Turnier Gera"]
[Site "Gera"]
[Date "2024.10.04"]
[Round "4.49"]
[White "Scheiding, Sophia"]
[Black "Phenn, Jan-Niklas"]
[Result "0-1"]
[WhiteElo "1669"]
[BlackElo "1943"]
[PlyCount "120"]
[EventDate "2024.10.03"]
[WhiteTeam "Meuselwitzer SV"]
[BlackTeam "SC Reichenbach"]

1. e4 c6 2. d4 d5 3. e5 c5 4. c3 Nc6 5. Nf3 Bg4 6. Be2 e6 7. O-O Nge7 8. Nbd2
Bxf3 9. Nxf3 Nf5 10. Be3 Be7 11. Qd2 O-O 12. g4 Nh4 13. Nxh4 Bxh4 14. f4 cxd4
15. cxd4 f6 16. g5 h6 17. gxh6 g6 18. Bd3 f5 19. Qg2 Kh7 20. Kh1 Rc8 21. a3 Na5
22. Rac1 Qd7 23. Rg1 Qf7 24. Rc3 Rxc3 25. bxc3 Rc8 26. Qb2 b6 27. Bc1 Qc7 28.
Qb4 Nc4 29. Bxc4 Qxc4 30. Qxc4 Rxc4 31. Bd2 Be7 32. Ra1 b5 33. Kg2 Ra4 34. Bc1
Rc4 35. Bd2 Ra4 36. Bc1 Kxh6 37. Kg3 Rc4 38. Bd2 Kh5 39. Kf3 a6 40. h3 Ra4 41.
Bc1 a5 42. Bb2 b4 43. axb4 Rxa1 44. Bxa1 axb4 45. cxb4 Bxb4 46. Kg3 Be1+ 47.
Kg2 Kh4 48. Bb2 Bd2 49. Kf3 Kxh3 50. Ba1 Kh2 51. Bb2 Kg1 52. Ba3 Kf1 53. Bc5
Ke1 54. Be7 Kd1 55. Bg5 Bc1 56. Be7 Kd2 57. Bg5 Kd3 58. Bh6 Kxd4 59. Bg5 Kd3
60. Bh6 d4 0-1

[Event "Albrecht-Beer-Turnier Gera"]
[Site "Gera"]
[Date "2024.10.04"]
[Round "4.50"]
[White "Just, Joachim"]
[Black "Burchardi, Helena"]
[Result "0-1"]
[WhiteElo "1935"]
[BlackElo "1669"]
[PlyCount "102"]
[EventDate "2024.10.03"]
[WhiteTeam "SV Motor Zeitz"]
[BlackTeam "SV Königsjäger Süd-West"]

1. e3 d5 2. f4 Nf6 3. Nf3 Bg4 4. Be2 Nc6 5. O-O e6 6. b3 Be7 7. Bb2 Qd7 8. Bb5
a6 9. Bxc6 Qxc6 10. d3 Bc5 11. d4 Be7 12. Nbd2 Ne4 13. c4 f5 14. Qc2 Bxf3 15.
Nxf3 Bf6 16. Rac1 dxc4 17. Qxc4 Qxc4 18. Rxc4 c6 19. Ba3 Rg8 20. Rc2 h6 21. Nd2
Nxd2 22. Rxd2 g5 23. Bd6 Rd8 24. Be5 Bxe5 25. fxe5 Ke7 26. b4 Rd7 27. a4 Rgd8
28. Rfd1 Rd5 29. Kf2 a5 30. bxa5 Rxa5 31. Rb2 b5 32. axb5 cxb5 33. Rc1 Kd7 34.
Rbc2 Ra7 35. Rc6 Rb7 36. Rd6+ Ke7 37. Ra6 Kf7 38. Rcc6 Re8 39. d5 exd5 40. Rf6+
Kg7 41. Rg6+ Kh8 42. Rxh6+ Kg8 43. Rhg6+ Kh8 44. Rxg5 Kh7 45. Rag6 b4 46. Rg3
b3 47. R6g5 Re6 48. Rxf5 b2 49. Rf8 b1=Q 50. Rgg8 Rb2+ 51. Kg3 Rg6+ 0-1

[Event "Albrecht-Beer-Turnier Gera"]
[Site "Gera"]
[Date "2024.10.04"]
[Round "4.51"]
[White "Hilbert, Stephan-Jörg"]
[Black "Richter, Felix"]
[Result "1/2-1/2"]
[WhiteElo "1867"]
[BlackElo "1646"]
[PlyCount "100"]
[EventDate "2024.10.03"]
[WhiteTeam "SV Motor Zeitz"]
[BlackTeam "SK Zehlendorf"]

1. Nh3 e5 2. g3 d5 3. Bg2 Nc6 4. d3 Nf6 5. f4 Bd6 6. O-O Be6 7. Nc3 Bb4 8. a3
Ba5 9. Na4 O-O 10. b4 Bb6+ 11. Nxb6 cxb6 12. Bb2 Ng4 13. Qc1 Nd4 14. Bxd4 exd4
15. f5 Bd7 16. Qf4 Ne3 17. Rf2 Bxf5 18. Rc1 Nxg2 19. Kxg2 Bxh3+ 20. Kxh3 Qc8+
21. Kg2 Qc3 22. Rcf1 Rae8 23. Qg5 Qxc2 24. Qxd5 Qc6 25. Qxc6 bxc6 26. Rc1 Re6
27. Kf1 f6 28. Rf4 Rd8 29. Rc4 Red6 30. a4 g5 31. Re4 Kf7 32. g4 R8d7 33. b5 c5
34. a5 Re6 35. Rxe6 Kxe6 36. axb6 axb6 37. Ra4 Kd5 38. Ra6 Rd6 39. Ra7 c4 40.
Rc7 c3 41. Kf2 h6 42. Rc4 Ke5 43. h3 Rd5 44. e3 Rxb5 45. exd4+ Kd5 46. Rxc3
Kxd4 47. Rc6 Kxd3 48. Rxf6 Ke4 49. Rxh6 Kf4 50. Rf6+ Ke4 1/2-1/2

[Event "Albrecht-Beer-Turnier Gera"]
[Site "Gera"]
[Date "2024.10.04"]
[Round "4.52"]
[White "Stiehler, Daniel"]
[Black "Kohl, Anke"]
[Result "1-0"]
[WhiteElo "1856"]
[BlackElo "1641"]
[PlyCount "127"]
[EventDate "2024.10.03"]
[WhiteTeam "Muldental Wilkau-Haßlau"]
[BlackTeam "Meuselwitzer SV"]

1. e4 e5 2. Nf3 Nf6 3. Bc4 Nxe4 4. Nc3 Nxc3 5. dxc3 Be7 6. Nxe5 O-O 7. Qh5 d5
8. Bd3 g6 9. Qf3 Bf6 10. Ng4 Bg7 11. Be3 Nc6 12. Nh6+ Bxh6 13. Bxh6 Re8+ 14.
Be2 Ne5 15. Qf4 Bf5 16. O-O-O Qc8 17. g4 Nxg4 18. Bxg4 Qe6 19. Bxf5 Qxf5 20.
Qxf5 gxf5 21. Rhg1+ Kh8 22. Bg7+ Kg8 23. Rxd5 Re6 24. Bd4+ Rg6 25. Rg3 Re8 26.
Kd2 f4 27. Rxg6+ fxg6 28. f3 b6 29. Be5 c6 30. Rd6 Rxe5 31. Rd4 Kf7 32. Rxf4+
Rf5 33. Rxf5+ gxf5 34. Ke3 Ke6 35. Kf4 Kf6 36. c4 c5 37. h4 h6 38. Ke3 Kg6 39.
Kf4 Kf6 40. h5 Ke6 41. Ke3 Kf6 42. f4 Ke6 43. Kd3 Kd6 44. Kc3 Kc6 45. Kb3 a6
46. Ka3 b5 47. Kb3 b4 48. c3 a5 49. a3 bxc3 50. Kxc3 Kb6 51. b4 a4 52. bxc5+
Kxc5 53. Kd3 Kd6 54. Kd4 Kc6 55. c5 Kc7 56. Kd5 Kd7 57. c6+ Kc7 58. Kc5 Kc8 59.
Kd6 Kd8 60. Ke6 Kc7 61. Kxf5 Kxc6 62. Kg6 Kd7 63. f5 Ke8 64. Kg7 1-0

[Event "Albrecht-Beer-Turnier Gera"]
[Site "Gera"]
[Date "2024.10.04"]
[Round "4.53"]
[White "Kohl, Torsten"]
[Black "Hladeniuk, Yelyzaveta"]
[Result "1-0"]
[WhiteElo "1809"]
[BlackElo "1626"]
[PlyCount "99"]
[EventDate "2024.10.03"]
[WhiteTeam "Meuselwitzer SV"]
[BlackTeam "Schachakademie Paderborn"]

1. c4 Nf6 2. g3 e6 3. Bg2 d5 4. cxd5 exd5 5. Nf3 Bg4 6. O-O Bc5 7. a3 O-O 8. b4
Bxf3 9. Bxf3 Bd4 10. Ra2 c6 11. e3 Bb6 12. d4 Ne4 13. Rc2 a5 14. Nc3 Nxc3 15.
Rxc3 axb4 16. axb4 Qe7 17. Qb3 Qf6 18. Bg2 Nd7 19. Bb2 Ra7 20. b5 Rfa8 21. bxc6
bxc6 22. Rfc1 Rc7 23. Bxd5 Rac8 24. Bg2 Qd6 25. Bh3 Rb8 26. Ba3 Qf6 27. Bxd7
Rxd7 28. Rxc6 Qd8 29. Qc2 h6 30. Rc8 Rxc8 31. Qxc8 Qxc8 32. Rxc8+ Kh7 33. Bc5
Bxc5 34. Rxc5 Kg6 35. Kg2 Kf6 36. Kf3 Ke6 37. Ke4 g6 38. Rc6+ Ke7 39. Ke5 Ra7
40. d5 Rb7 41. f4 g5 42. f5 h5 43. e4 h4 44. gxh4 gxh4 45. d6+ Kd7 46. Rc7+
Rxc7 47. dxc7 Kxc7 48. Kf6 Kd6 49. Kxf7 Ke5 50. Kg6 1-0

[Event "Albrecht-Beer-Turnier Gera"]
[Site "Gera"]
[Date "2024.10.04"]
[Round "4.54"]
[White "Richter, Anastasia"]
[Black "Brunen, Raul"]
[Result "0-1"]
[WhiteElo "1584"]
[BlackElo "1791"]
[PlyCount "139"]
[EventDate "2024.10.03"]
[WhiteTeam "SV Königsjäger Süd-West"]
[BlackTeam "SC Reichenbach"]

1. e4 e5 2. Nf3 Nf6 3. Nxe5 d6 4. Nf3 Nxe4 5. Nc3 Nxc3 6. dxc3 Be7 7. Be3 Nd7
8. Qd2 Nf6 9. O-O-O O-O 10. Bd3 c5 11. c4 b5 12. cxb5 a6 13. a3 axb5 14. Bxb5
Ba6 15. Bxa6 Rxa6 16. Qc3 Qa8 17. Rhe1 Ne4 18. Qd3 c4 19. Qd5 Rxa3 20. Qxa8
Raxa8 21. c3 Ra6 22. Nd2 Nxd2 23. Bxd2 Bf6 24. Bf4 Rfa8 25. Rxd6 Ra1+ 26. Kd2
Bxc3+ 27. Kxc3 Rxe1 28. Be3 Rc8 29. Rd4 Re2 30. Rd1 h6 31. h4 h5 32. g3 Re8 33.
Rb1 Re4 34. Rd1 Kf8 35. Rb1 Ke7 36. Rd1 Ke6 37. Rd8 Kf5 38. Rd1 Re7 39. Rd4 Rc7
40. Rf4+ Ke6 41. Re4+ Kf5 42. Rf4+ Kg6 43. Rd4 Kh7 44. Rf4 f6 45. Rf5 Kg6 46.
Rf4 Kf7 47. Rf5 g6 48. Rb5 Rc6 49. Rb4 Ke6 50. Ra4 Kf5 51. Rb4 Kg4 52. Ra4 g5
53. hxg5 fxg5 54. Ra5 Rxe3+ 55. fxe3 h4 56. gxh4 gxh4 57. Ra1 h3 58. Re1 h2 59.
e4 Kf4 60. Kd4 Rh6 61. Kxc4 h1=Q 62. Rxh1 Rxh1 63. b4 Kxe4 64. b5 Rc1+ 65. Kb3
Kd5 66. Kb4 Kd6 67. Ka5 Kc7 68. b6+ Kb7 69. Kb5 Rb1+ 70. Kc5 0-1

[Event "Albrecht-Beer-Turnier Gera"]
[Site "Gera"]
[Date "2024.10.04"]
[Round "4.55"]
[White "Tittmann, Julian"]
[Black "Stadelmann, Constantin"]
[Result "1-0"]
[WhiteElo "1767"]
[BlackElo "1623"]
[PlyCount "77"]
[EventDate "2024.10.03"]
[WhiteTeam "fuß brothers Jena"]
[BlackTeam "SSV Vimaria 91 Weimar"]

1. Nf3 f5 2. d3 Nf6 3. e4 d6 4. Nc3 Nc6 5. Be3 e5 6. exf5 Bxf5 7. d4 Nb4 8. Rc1
e4 9. Nh4 Be6 10. a3 Nbd5 11. Nxd5 Nxd5 12. g3 Nxe3 13. fxe3 Be7 14. Ng2 Qd7
15. Be2 O-O-O 16. Nf4 d5 17. Nxe6 Kb8 18. Nxd8 Bxd8 19. O-O Bg5 20. Qd2 Qh3 21.
Rf2 Qh6 22. Rf4 Bxf4 23. exf4 Qe6 24. Qe3 Rd8 25. c4 c6 26. cxd5 cxd5 27. Qc3
Qb6 28. Qc5 Qxc5 29. Rxc5 a6 30. Kf2 Rd6 31. g4 b5 32. h4 Kb7 33. f5 Kb6 34. b4
Kb7 35. Ke3 Rd7 36. Kf4 Rd6 37. Ke5 Rh6 38. h5 g6 39. g5 1-0